000 00554nam a2200181Ia 4500
999 _c14748
_d14748
003 OSt
005 20201022104817.0
008 190216s9999||||xx |||||||||||||| ||und||
020 _a9780195686791
040 _coclc
082 _a891.448509
_bTAG/S
100 1 _aTagore, Rabindranath
_938
_d1861-1941
245 0 _aSelected Writings For Children /
_cRabindranath Tagore
260 _bOxford University Press,
_c2012.
_aNew Delhi:
300 _a261p
650 _aEnglish
942 _cBK
_2ddc
_h891.448509
_iTAG/S
_k891.448509
_mTAG/S